Unidad europea y crsitianismo

Saved in:
Bibliografiske detaljer
Hovedforfatter: Lortz, Joseph (autor)
Format: Bog
Sprog:spansk
Udgivet: Madrid Ediciones Guadarrama 1961
Serier:Cristianismo y Hombre Actual, 18
Fag:
Tags: Tilføj Tag
Ingen Tags, Vær først til at tagge denne postø!

MARC

LEADER 00000cam a2200000 a 4500
001 UCE4073
003 CL-VaPUC
008 141009e19610000sp |||||||||||||||||spa|d
082 0 4 |a 274  |b LOR  |2 21 
100 |a Lortz, Joseph  |e autor  |9 588381 
245 1 0 |a Unidad europea y crsitianismo 
300 |a 311 p 
942 |c BK 
945 |d 20141009 14:36:00  |a dcastane 
260 |a Madrid  |b Ediciones Guadarrama  |c 1961 
650 0 |a Cristianismo  |9 257361 
650 7 |a CRISTIANISMO Y SOCIEDAD  |2 CL-VaPUC  |9 404460 
651 0 |a Europa  |9 255156 
583 |a last modification  |c 20141009 14:36:00  |k Rodrigo Vera 
490 0 |a Cristianismo y Hombre Actual, 18 
999 |c 357151  |d 357149 
952 |0 0  |1 0  |3 erb  |4 0  |6 274_000000000000000_LOR_1961  |7 0  |8 A  |9 464974  |a BIBTEO  |b BIBTEO  |i 4999681  |o 274 LOR 1961  |p 4999681  |r 2025-01-17  |w 2019-11-23  |y BK  |z Catalogado en:20141009  |k ICR